000 00472nam a2200205Ia 4500
008 210210b2011 xxu||||| |||| 00| 0 eng d
020 _a9788183763387
041 _aeng
082 _a361 GUPS
100 _aGUPTA (Sunil)
245 _aSocial structure and social work
260 _aJaipur
_bABD Publishers
_c2011
300 _avi,304
650 _awork
650 _astructure
650 _aSocial
650 _aand
690 _aSocial Work
906 _a066052
999 _c146779
_d146779